Rozhodnutia európskych regulátorov v oblasti účtovníctva

Rozhodnutia európskych regulátorov v oblasti účtovníctva

Enregistré dans:
Détails bibliographiques
Auteur principal: Tumpach, Miloš, 1970-
Format: Chapitre de livre
Langue:slovaque
Sujets:
Tags: Ajouter un tag
Pas de tags, Soyez le premier à ajouter un tag!

MARC

LEADER 00000nla$a2200000$$$4500
001 0128607
005 20240502072455.6
041 0 |a slo 
044 |a SK 
245 1 0 |a Rozhodnutia európskych regulátorov v oblasti účtovníctva  |c Miloš Tumpach 
520 |a Rozhodnutia európskych regulátorov v oblasti účtovníctva 
610 2 0 |a štandardy účtovné medzinárodné 
610 2 0 |a Európska únia 
610 2 0 |a účtovníctvo 
100 1 |a Tumpach, Miloš, 1970-